000 00227nam a2200097Ia 4500
005 20251222121410.0
008 251222s1900||||xx |||||||||||||| ||spa||
082 _aDVD0170/K93/2007/Ej.2
245 0 _aCrimen y castigo:
942 _cDVD
999 _c2490
_d2490